[Event "American Continental Rapid 18th"]
[Site "Medellin"]
[Date "2024.06.01"]
[Round "3"]
[White "Sandoval, Jesus Eduardo"]
[Black "Ladino Hernandez, Angel Joel"]
[Result "1-0"]
[WhiteElo "1873"]
[BlackElo "1682"]
[PlyCount "141"]
[EventDate "2024.06.01"]
[EventType "swiss (rapid)"]
[EventRounds "9"]
[EventCountry "COL"]
[SourceTitle "CB23_2024"]
[SourceDate "2024.06.05"]
[SourceVersion "1"]
[SourceVersionDate "2024.06.05"]
[SourceQuality "1"]

1. e4 c5 2. Nf3 g6 3. Bc4 Nc6 4. c3 Bg7 5. 0-0 Nf6 6. Qe2 d6 7. h3 0-0 8. d4 cxd4 9. cxd4 Bd7 10. Nc3 a6 11. a4 Rc8 12. Rd1 Na5 13. Ba2 Nc6 14. e5 Ne8 15. e6 fxe6 16. Bxe6+ Bxe6 17. Qxe6+ Kh8 18. Ng5 Nxd4 19. Nf7+ Rxf7 20. Qxf7 Nc6 21. Nd5 Nf6 22. Nxf6 Bxf6 23. Be3 Qa5 24. Qb3 Rb8 25. Bb6 Qe5 26. Bc7 Rf8 27. Qxb7 Nd4 28. Bb6 Ne2+ 29. Kh1 Bh4 30. Qd5 Qxb2 31. Ra2 Qxb6 32. Rxe2 Rxf2 33. Rxf2 Qxf2 34. Qa8+ Kg7 35. Qxa6 Bf6 36. Qd3 Qf4 37. a5 Be5 38. g3 Qa4 39. a6 Qd7 40. Kh2 Qa7 41. Rf1 Qb6 42. Kg2 Bf6 43. Rb1 Qa5 44. Rf1 Qb6 45. Rf2 Qa5 46. Qc4 Qb6 47. Qc8 Qe3 48. Qb7 Bd4 49. Qf3 Qxf3+ 50. Rxf3 e5 51. Rb3 Kf6 52. Rb7 h5 53. a7 Bxa7 54. Rxa7 Kf5 55. Kf3 d5 56. Rf7+ Ke6 57. Rg7 Kf5 58. Ke3 Kf6 59. Rd7 Ke6 60. Rd8 g5 61. g4 h4 62. Kd3 e4+ 63. Kd4 Kf7 64. Rxd5 Kf6 65. Rf5+ Kg6 66. Kxe4 Kh6 67. Rf6+ Kg7 68. Kf5 Kh7 69. Rg6 Kh8 70. Kf6 Kh7 71. Kf7 1-0

[Event "American Continental Rapid 18th"]
[Site "Medellin"]
[Date "2024.06.01"]
[Round "9"]
[White "Sandoval, Jesus Eduardo"]
[Black "Ladron De Guevara Mendez, Lorena"]
[Result "1/2-1/2"]
[WhiteElo "1873"]
[BlackElo "1640"]
[PlyCount "72"]
[EventDate "2024.06.01"]
[EventType "swiss (rapid)"]
[EventRounds "9"]
[EventCountry "COL"]
[SourceTitle "CB23_2024"]
[SourceDate "2024.06.05"]
[SourceVersion "1"]
[SourceVersionDate "2024.06.05"]
[SourceQuality "1"]

1. e4 e5 2. d4 exd4 3. f4 Nc6 4. Nf3 d5 5. e5 Bg4 6. Nbd2 Bb4 7. Bd3 Nge7 8. 0-0 Ng6 9. h3 Bd7 10. a3 Ba5 11. b4 Bb6 12. Nb3 0-0 13. b5 Nce7 14. a4 a6 15. a5 Ba7 16. bxa6 bxa6 17. g4 c5 18. f5 c4 19. fxg6 fxg6 20. Bxg6 d3+ 21. Kg2 Nxg6 22. Nbd4 Bxd4 23. Nxd4 Nxe5 24. cxd3 Nxd3 25. Nf3 Bc6 26. Nd4 Bd7 27. Be3 Qh4 28. Ra2 Rab8 29. Rd2 Rb2 30. Rxf8+ Kxf8 31. Qf3+ Ke8 32. Qxd5 Rxd2+ 33. Bxd2 Qf2+ 34. Kh1 Qf1+ 35. Kh2 Qf2+ 36. Kh1 Bc8 1/2-1/2

[Event "American Continental Blitz 18th"]
[Site "Medellin"]
[Date "2024.05.29"]
[Round "3"]
[White "Sandoval, Jesus Eduardo"]
[Black "Cesar Acosta, Christian Alejandro"]
[Result "1-0"]
[WhiteElo "1873"]
[BlackElo "1712"]
[PlyCount "99"]
[EventDate "2024.05.29"]
[EventType "swiss (blitz)"]
[EventRounds "9"]
[EventCountry "COL"]
[SourceTitle "CB23_2024"]
[SourceDate "2024.06.05"]
[SourceVersion "1"]
[SourceVersionDate "2024.06.05"]
[SourceQuality "1"]

1. e4 c5 2. d4 cxd4 3. Nf3 Nc6 4. Bc4 d6 5. Nxd4 Nf6 6. Nc3 a6 7. a4 e6 8. 0-0 Be7 9. Be3 0-0 10. Qe2 Qc7 11. Nxc6 bxc6 12. a5 Bb7 13. Rfd1 c5 14. Na4 Nxe4 15. Nb6 Rad8 16. Bxa6 d5 17. Bxb7 Qxb7 18. f3 Nf6 19. b4 Nd7 20. Nxd7 Rxd7 21. b5 Ra8 22. a6 Qb6 23. c4 d4 24. Bf2 Bf6 25. Rd3 Re7 26. Be1 Rea7 27. Qe4 g6 28. h4 Bg7 29. Ba5 Qd6 30. Be1 f5 31. Qe2 e5 32. Bg3 Qe6 33. Re1 Re8 34. Ra3 e4 35. fxe4 fxe4 36. Rb1 d3 37. Qa2 Bh6 38. b6 Rd7 39. a7 d2 40. Rd1 e3 41. a8Q e2 42. Qxe8+ Qxe8 43. Rxd2 e1Q+ 44. Bxe1 Qxe1+ 45. Kh2 Qxd2 46. Qxd2 Rxd2 47. b7 Bf4+ 48. Kh3 Rd8 49. Ra8 Rb8 50. Kg4 1-0

[Event "American Continental 18th"]
[Site "Medellin"]
[Date "2024.05.28"]
[Round "7"]
[White "Posada Torres, Briggith"]
[Black "Sandoval, Jesus Eduardo"]
[Result "0-1"]
[WhiteElo "1703"]
[BlackElo "1873"]
[PlyCount "64"]
[EventDate "2024.05.24"]
[EventType "swiss"]
[EventRounds "11"]
[EventCountry "COL"]
[SourceTitle "CB23_2024"]
[SourceDate "2024.06.05"]
[SourceVersion "1"]
[SourceVersionDate "2024.06.05"]
[SourceQuality "1"]

1. e4 e5 2. f4 Bc5 3. Nf3 d6 4. d4 exd4 5. Nxd4 Nf6 6. Nc3 0-0 7. Be2 Re8 8. Bf3 Nxe4 9. Bxe4 d5 10. 0-0 dxe4 11. Be3 Nc6 12. Nf5 Bxf5 13. Bxc5 b6 14. Be3 Qxd1 15. Raxd1 Bg4 16. Rd2 Rad8 17. Rff2 Rxd2 18. Rxd2 Be6 19. Kf2 f5 20. a3 a6 21. Nd5 Bxd5 22. Rxd5 g6 23. h3 Kf7 24. Ke2 Ke6 25. Rd2 b5 26. b3 Rd8 27. g3 Rxd2+ 28. Kxd2 Kd5 29. c3 Nd8 30. Kc2 Ne6 31. Kd2 a5 32. g4 Nc5 0-1

[Event "American Continental 18th"]
[Site "Medellin"]
[Date "2024.05.27"]
[Round "6"]
[White "Sandoval, Jesus Eduardo"]
[Black "Aristizabal Soto, Diego Fernando"]
[Result "1/2-1/2"]
[WhiteElo "1873"]
[BlackElo "1680"]
[PlyCount "72"]
[EventDate "2024.05.24"]
[EventType "swiss"]
[EventRounds "11"]
[EventCountry "COL"]
[SourceTitle "CB23_2024"]
[SourceDate "2024.06.05"]
[SourceVersion "1"]
[SourceVersionDate "2024.06.05"]
[SourceQuality "1"]

1. e4 e5 2. d4 exd4 3. Nf3 Nc6 4. Bc4 Be7 5. c3 d6 6. cxd4 Nf6 7. Nc3 0-0 8. 0-0 Bg4 9. Be3 Nxe4 10. Nxe4 d5 11. Bd3 dxe4 12. Bxe4 Qd6 13. h3 Bh5 14. Qd2 Qe6 15. Qc2 Nb4 16. Bxh7+ Kh8 17. Qf5 g6 18. Qxe6 fxe6 19. Ne5 Kxh7 20. g4 Nd5 21. Bd2 Rad8 22. Kh2 Nf4 23. Be3 Bd6 24. Rad1 c5 25. Rfe1 Nd3 26. Rxd3 Bxe5+ 27. Kg2 cxd4 28. Bd2 Rd5 29. f4 Bxf4 30. Rxe6 Bxd2 31. Rxd2 Bxg4 32. hxg4 Rf7 33. Re4 Rfd7 34. Rd3 g5 35. Kf3 Kg7 36. Ke2 Kf7 1/2-1/2

[Event "COL-chT Blitz"]
[Site "Santander"]
[Date "2022.10.09"]
[Round "8.1"]
[White "Olarte Parra, Jhoan Sebastian"]
[Black "Sandoval, Jesus Eduardo"]
[Result "1-0"]
[WhiteElo "1972"]
[BlackElo "1860"]
[PlyCount "101"]
[EventDate "2022.09.10"]
[EventType "team-swiss (blitz)"]
[EventRounds "9"]
[EventCountry "COL"]
[SourceTitle "EXT 2023"]
[Source "ChessBase"]
[SourceDate "2022.10.05"]
[SourceVersion "1"]
[SourceVersionDate "2022.10.05"]
[SourceQuality "1"]
[WhiteTeam "Cundinamarca"]
[BlackTeam "Magdalena"]
[WhiteTeamCountry "COL"]
[BlackTeamCountry "COL"]

1. Nf3 d5 2. b3 Nf6 3. Bb2 c5 4. e3 Nc6 5. Be2 h6 6. 0-0 Bf5 7. d3 e6 8. Ne5 Nxe5 9. Bxe5 Bd6 10. Bb2 0-0 11. Nd2 e5 12. c4 d4 13. e4 Bg6 14. Bc1 a6 15. Nf3 b5 16. g3 bxc4 17. bxc4 Rb8 18. Nh4 Bh7 19. Ng2 Nd7 20. f4 f5 21. Bf3 fxe4 22. dxe4 Kh8 23. f5 Nf6 24. g4 Bg8 25. Qc2 Rb4 26. Be2 Qa8 27. Bd3 Nxg4 28. Nh4 Ne3 29. Bxe3 dxe3 30. Ng6+ Kh7 31. Nxf8+ Qxf8 32. a3 Rb6 33. Qe2 Rb3 34. Rfb1 Rxb1+ 35. Rxb1 Be7 36. Qxe3 Bg5 37. Qf3 Qd6 38. Kh1 Qd4 39. Rg1 Bf6 40. Qe2 Bf7 41. a4 Be8 42. Bc2 Bc6 43. Rg4 Qa1+ 44. Kg2 Bxa4 45. Bxa4 Qxa4 46. Rg3 Bg5 47. Rd3 Qxc4 48. Kf3 Bf4 49. h4 Qc1 50. Qg2 Qe1 51. Qg6+ 1-0

[Event "COL-chT Blitz"]
[Site "Santander"]
[Date "2022.09.10"]
[Round "5.1"]
[White "Sandoval, Jesus Eduardo"]
[Black "Rincon R, Javier Duvan"]
[Result "1-0"]
[WhiteElo "1860"]
[BlackElo "1913"]
[PlyCount "111"]
[EventDate "2022.09.10"]
[EventType "team-swiss (blitz)"]
[EventRounds "9"]
[EventCountry "COL"]
[SourceTitle "EXT 2023"]
[Source "ChessBase"]
[SourceDate "2022.10.05"]
[SourceVersion "1"]
[SourceVersionDate "2022.10.05"]
[SourceQuality "1"]
[WhiteTeam "Magdalena"]
[BlackTeam "Santander Gladiatores"]
[WhiteTeamCountry "COL"]
[BlackTeamCountry "COL"]

1. Nf3 Nf6 2. g3 b5 3. Bg2 Bb7 4. 0-0 c5 5. b3 e6 6. Bb2 Be7 7. c4 a6 8. d4 cxd4 9. Qxd4 0-0 10. Rd1 Nc6 11. Qd2 d5 12. cxd5 Qxd5 13. Nc3 Qxd2 14. Rxd2 Rfd8 15. Rad1 Rxd2 16. Rxd2 Rd8 17. Rxd8+ Nxd8 18. Nh4 Kf8 19. Bxb7 Nxb7 20. Ng2 Bc5 21. e3 Ke7 22. Nf4 Nd6 23. Kf1 g6 24. Ke2 h5 25. f3 Nf5 26. Nd1 Nd7 27. Nd3 Bb6 28. Nb4 Nb8 29. Ba3 Kd7 30. Bb2 Kd6 31. Nc2 Nc6 32. e4 Nfd4+ 33. Nxd4 Nxd4+ 34. Bxd4 Bxd4 35. Kd3 Bg1 36. h3 Bh2 37. g4 Ke5 38. Nf2 Bg3 39. Nd1 Bh2 40. Ke2 Kd4 41. gxh5 gxh5 42. Ne3 Kc3 43. Nf1 Bf4 44. Ne3 Kb2 45. a4 Kxb3 46. axb5 axb5 47. Ng2 Bh6 48. Ne1 Kc3 49. Nd3 b4 50. f4 b3 51. Ke3 Bxf4+ 52. Nxf4 b2 53. Ne2+ Kc2 54. Nd4+ Kc1 55. Nb3+ Kc2 56. Nd2 1-0

[Event "COL-chT"]
[Site "Bucaramanga"]
[Date "2022.09.06"]
[Round "1.4"]
[White "Sandoval, Jesus Eduardo"]
[Black "Brito Carrascal, Camilo Andres"]
[Result "1/2-1/2"]
[WhiteElo "1770"]
[BlackElo "1773"]
[PlyCount "90"]
[EventDate "2022.09.06"]
[EventType "team-swiss"]
[EventRounds "7"]
[EventCountry "COL"]
[SourceTitle "CBM 210 Extra"]
[Source "ChessBase"]
[SourceDate "2022.11.30"]
[SourceVersion "1"]
[SourceVersionDate "2022.11.30"]
[SourceQuality "1"]
[WhiteTeam "Magdalena"]
[BlackTeam "Bolivar"]
[WhiteTeamCountry "COL"]
[BlackTeamCountry "COL"]

1. Nf3 Nf6 2. g3 d5 3. d4 e6 4. Bg2 Be7 5. 0-0 c6 6. c4 0-0 7. Nc3 b6 8. cxd5 cxd5 9. Ne5 Bb7 10. Qc2 Na6 11. a3 Rc8 12. Qd3 Nb8 13. b4 Nc6 14. Bf4 Nd7 15. Nxc6 Bxc6 16. Rfc1 Bf6 17. e4 dxe4 18. Nxe4 Bd5 19. Rxc8 Qxc8 20. Rc1 Qa8 21. Rc7 Rd8 22. Nxf6+ Nxf6 23. Bf1 Be4 24. Qa6 Nd5 25. Rxa7 Qc8 26. Qxc8 Rxc8 27. Ba6 Rd8 28. Bc7 Nxc7 29. Rxc7 Kf8 30. Rc8 Rxc8 31. Bxc8 Bc6 32. Ba6 b5 33. Kf1 Ke7 34. Ke2 Kd6 35. Kd3 Kc7 36. d5 exd5 37. Kd4 Bd7 38. Kxd5 Kb6 39. Kd6 Be6 40. Bxb5 Kxb5 41. Ke7 g6 42. f4 h5 43. Kf6 Ka4 44. f5 Bxf5 45. Kxf7 Bd3 1/2-1/2

[Event "COL Subzt 2.3.4"]
[Site "Risarald"]
[Date "2021.11.28"]
[Round "9"]
[White "Sandoval, Jesus Eduardo"]
[Black "Trujillo Quesada, Harlinson"]
[Result "1-0"]
[WhiteElo "1777"]
[BlackElo "1941"]
[PlyCount "95"]
[EventDate "2021.11.23"]
[EventType "swiss"]
[EventRounds "9"]
[EventCountry "COL"]
[SourceTitle "CBM 205 Extra"]
[Source "ChessBase"]
[SourceDate "2022.01.31"]
[SourceVersion "1"]
[SourceVersionDate "2022.01.31"]
[SourceQuality "1"]

1. e4 d5 2. exd5 Nf6 3. Nc3 Nxd5 4. Bc4 c6 5. Qf3 e6 6. Nge2 Nd7 7. d4 Qf6 8. Qg3 Qg6 9. Qxg6 hxg6 10. a3 b5 11. Bd3 b4 12. Nxd5 cxd5 13. axb4 Bxb4+ 14. c3 Bd6 15. Bf4 Bxf4 16. Nxf4 0-0 17. 0-0 Bb7 18. Ba6 Rfb8 19. Nd3 Bc6 20. b4 Bb5 21. Bxb5 Rxb5 22. f3 Nb6 23. Ra6 Rc8 24. Nc5 Rc7 25. Rfa1 Nc8 26. Kf2 Rb6 27. R6a5 Kf8 28. Ke3 Rb8 29. Na6 Rcb7 30. Nxb8 Rxb8 31. Rc5 Ke7 32. Rc7+ Ke8 33. Ra6 Kf8 34. g4 g5 35. Rac6 Ne7 36. Rd6 Ng6 37. Rdd7 Nh8 38. Rxa7 Kg8 39. Rdb7 Rf8 40. b5 Ng6 41. b6 e5 42. Rxf7 exd4+ 43. cxd4 Re8+ 44. Kd2 Nf8 45. Rxg7+ Kh8 46. Rxg5 Nd7 47. Rh5+ Kg8 48. Rxd7 1-0

[Event "COL Subzt 2.3.4"]
[Site "Risarald"]
[Date "2021.11.24"]
[Round "2"]
[White "Hoyos, Robinson"]
[Black "Sandoval, Jesus Eduardo"]
[Result "0-1"]
[WhiteElo "1528"]
[BlackElo "1777"]
[PlyCount "110"]
[EventDate "2021.11.23"]
[EventType "swiss"]
[EventRounds "9"]
[EventCountry "COL"]
[SourceTitle "CBM 205 Extra"]
[Source "ChessBase"]
[SourceDate "2022.01.31"]
[SourceVersion "1"]
[SourceVersionDate "2022.01.31"]
[SourceQuality "1"]

1. e4 c5 2. b3 Nc6 3. Bb2 d6 4. h3 Nf6 5. d3 e6 6. Be2 Be7 7. Nf3 d5 8. e5 Nd7 9. Nbd2 Qc7 10. d4 cxd4 11. Nxd4 Ncxe5 12. Bb5 a6 13. Bxd7+ Bxd7 14. Qh5 Bf6 15. Rc1 0-0 16. a4 Ng6 17. 0-0 Nf4 18. Qf3 b5 19. Ba1 e5 20. Ne2 Nxe2+ 21. Qxe2 bxa4 22. c4 axb3 23. Nxb3 dxc4 24. Qxc4 Qxc4 25. Rxc4 Bb5 26. Rcc1 Bxf1 27. Kxf1 Rfc8 28. Re1 a5 29. Nd2 a4 30. Ne4 a3 31. Bc3 a2 32. g3 Rxc3 33. Nxc3 a1Q 34. Rxa1 Rxa1+ 35. Kg2 Be7 36. g4 Bc5 37. Ne4 Bd4 38. h4 Ra2 39. g5 Bxf2 40. Nxf2 f5 41. gxf6 gxf6 42. Kf3 Rxf2+ 43. Kxf2 f5 44. h5 Kg7 45. Kg3 h6 46. Kh4 Kf6 47. Kg3 Kg5 48. Kh3 Kxh5 49. Kg3 Kg5 50. Kh3 Kf4 51. Kg2 Ke3 52. Kh1 Kf2 53. Kh2 e4 54. Kh1 e3 55. Kh2 e2 0-1

[Event "COL-ch Cat D U1800"]
[Site "Medellin"]
[Date "2021.06.11"]
[Round "3"]
[White "Sandoval, Jesus Eduardo"]
[Black "Giraldo Alvarez, Simon"]
[Result "0-1"]
[WhiteElo "1786"]
[BlackElo "1434"]
[PlyCount "66"]
[EventDate "2021.06.10"]
[EventType "swiss"]
[EventRounds "7"]
[EventCountry "COL"]
[SourceTitle "EXT 2022"]
[Source "ChessBase"]
[SourceDate "2021.10.06"]
[SourceVersion "1"]
[SourceVersionDate "2021.10.06"]
[SourceQuality "1"]

1. Nf3 c6 2. g3 d5 3. d4 Bf5 4. Bg2 Nf6 5. 0-0 e6 6. Nh4 Bg4 7. c4 Be7 8. cxd5 exd5 9. Qd3 Qd7 10. f3 Be6 11. e4 Na6 12. a3 0-0-0 13. Nc3 dxe4 14. fxe4 Nc5 15. Qe2 Nb3 16. Rb1 Nxc1 17. Rbxc1 Qxd4+ 18. Qf2 Qxf2+ 19. Kxf2 Rd2+ 20. Kg1 Ng4 21. Nd5 Bd6 22. Nf5 Bxf5 23. Rxf5 Kb8 24. Nb4 Bc7 25. Rc2 Bb6+ 26. Kh1 Nf2+ 27. Kg1 Rd1+ 28. Bf1 Ng4+ 29. Kh1 Ne3 30. Rcf2 Nxf5 31. Rxf5 f6 32. Nd3 Re8 33. Kg2 Rxe4 0-1

[Event "COL-ch Cat D U1800"]
[Site "Medellin"]
[Date "2021.06.10"]
[Round "1"]
[White "Sandoval, Jesus Eduardo"]
[Black "Valencia Quinchia, Isabella"]
[Result "1-0"]
[WhiteElo "1786"]
[BlackElo "1447"]
[PlyCount "75"]
[EventDate "2021.06.10"]
[EventType "swiss"]
[EventRounds "7"]
[EventCountry "COL"]
[SourceTitle "EXT 2022"]
[Source "ChessBase"]
[SourceDate "2021.10.06"]
[SourceVersion "1"]
[SourceVersionDate "2021.10.06"]
[SourceQuality "1"]

1. e4 e5 2. d4 exd4 3. Nf3 d5 4. Qxd4 Nf6 5. exd5 Qxd5 6. Nc3 Qe6+ 7. Be3 Nc6 8. Bb5 Bd7 9. Bxc6 Bxc6 10. 0-0-0 Bd6 11. Rhe1 0-0 12. Bg5 Qf5 13. Bxf6 gxf6 14. Ne4 Bf4+ 15. Kb1 Be5 16. Nxe5 fxe5 17. Qe3 f6 18. Ng3 Qg6 19. f4 Rfe8 20. f5 Qg5 21. Qxg5+ fxg5 22. Ne4 Bxe4 23. Rxe4 Re7 24. Rd5 Rae8 25. Kc1 Kf7 26. g4 Kf6 27. Kd2 h5 28. h3 hxg4 29. hxg4 Rh8 30. Kc3 Rh3+ 31. Kc4 Rf3 32. a4 Rf4 33. Kd3 c5 34. a5 c4+ 35. Ke3 Rh7 36. Rdxe5 Rxg4 37. Re6+ Kxf5 38. R4e5# 1-0

[Event "COL-ch U26"]
[Site "Medellin"]
[Date "2018.10.19"]
[Round "3"]
[White "Sandoval, Jesus Eduardo"]
[Black "Lopez Idarraga, Daniel Eduardo"]
[Result "0-1"]
[WhiteElo "1793"]
[BlackElo "2015"]
[PlyCount "100"]
[EventDate "2018.10.18"]
[EventType "swiss"]
[EventRounds "6"]
[EventCountry "COL"]
[SourceTitle "CBM 187 Extra"]
[Source "ChessBase"]
[SourceDate "2018.11.04"]
[SourceVersion "1"]
[SourceVersionDate "2018.11.04"]
[SourceQuality "1"]

1. e4 c5 2. Nf3 g6 3. d4 cxd4 4. Nxd4 Nc6 5. Nc3 Bg7 6. Be3 Nf6 7. Nb3 0-0 8. Be2 a5 9. a4 Nb4 10. Bf3 d6 11. 0-0 Be6 12. Nd5 Nfxd5 13. exd5 Bf5 14. c3 Nc2 15. Rc1 Nxe3 16. fxe3 Qb6 17. Re1 Rfc8 18. Kh1 Rc4 19. e4 Bd7 20. Nd2 Rxa4 21. b3 Ra2 22. Nc4 Qf2 23. Re2 Rxe2 24. Qxe2 Qxe2 25. Bxe2 Ra6 26. Kg1 b5 27. Na3 Rb6 28. Kf2 Rb8 29. Nb1 f5 30. Bd3 Kf7 31. h3 b4 32. exf5 bxc3 33. fxg6+ hxg6 34. Bc4 a4 35. Nxc3 axb3 36. Ne4 Rc8 37. Ke2 b2 38. Rf1+ Kg8 39. Bd3 Rc1 40. Nd2 Bh6 41. Nb1 Ba4 42. Na3 Rc3 43. Nc4 Bc1 44. Nxb2 Bxb2 45. Rb1 Bc2 46. Bxc2 Rxc2+ 47. Kf3 Kf7 48. Rd1 Be5 49. h4 Rc3+ 50. Kg4 Rg3# 0-1

[Event "COL-ch U26"]
[Site "Medellin"]
[Date "2018.10.18"]
[Round "2"]
[White "Munoz Galvez, Jhon Edison"]
[Black "Sandoval, Jesus Eduardo"]
[Result "1-0"]
[WhiteElo "2364"]
[BlackElo "1793"]
[PlyCount "87"]
[EventDate "2018.10.18"]
[EventType "swiss"]
[EventRounds "6"]
[EventCountry "COL"]
[SourceTitle "CBM 187 Extra"]
[Source "ChessBase"]
[SourceDate "2018.11.04"]
[SourceVersion "1"]
[SourceVersionDate "2018.11.04"]
[SourceQuality "1"]

1. d4 Nf6 2. c4 d6 3. f3 g6 4. e4 Bg7 5. Ne2 0-0 6. Be3 Nbd7 7. Qd2 Re8 8. Nec3 a6 9. Be2 c5 10. d5 Nf8 11. 0-0 Qc7 12. a4 e6 13. Na3 exd5 14. cxd5 Bd7 15. Rf2 h5 16. Bf4 N6h7 17. Nc4 Bd4 18. Bxd6 Bxf2+ 19. Kxf2 Qd8 20. Bxc5 Qh4+ 21. Kg1 b5 22. Nb6 Rab8 23. Bf2 Qd8 24. a5 h4 25. b4 g5 26. g3 Ng6 27. Ra3 Nhf8 28. Be3 f6 29. Nd1 hxg3 30. hxg3 Qe7 31. Nf2 Ne5 32. Kg2 Rb7 33. Ra1 Rd8 34. Rh1 Be8 35. f4 Nf7 36. Bc5 Nd6 37. fxg5 fxg5 38. e5 Rxb6 39. Bxb6 Nf7 40. Bxd8 Qxd8 41. Ng4 Qe7 42. Qd4 Ng6 43. e6 Nd6 44. Bd3 1-0

[Event "San Andres Islas Caribe-ch"]
[Site "San Andres Islas"]
[Date "2015.05.07"]
[Round "6"]
[White "Pena, Reynaldo"]
[Black "Sandoval, Jesus Eduardo"]
[Result "0-1"]
[WhiteElo "1612"]
[BlackElo "1685"]
[PlyCount "72"]
[EventDate "2015.05.05"]
[EventType "swiss"]
[EventRounds "6"]
[EventCountry "COL"]
[SourceTitle "CBM 166 Extra"]
[Source "ChessBase"]
[SourceDate "2015.06.18"]
[SourceVersion "1"]
[SourceVersionDate "2015.06.18"]
[SourceQuality "1"]

1. e4 g6 2. Nf3 Bg7 3. Bc4 e6 4. d4 d5 5. exd5 exd5 6. Bd3 Nf6 7. c3 0-0 8. 0-0 c6 9. Bf4 Nbd7 10. Nbd2 Nh5 11. Bd6 Re8 12. Qc2 Nf8 13. Be5 f6 14. Bg3 Nxg3 15. hxg3 Bg4 16. b4 Qd6 17. Rfe1 b5 18. Nh2 Bd7 19. Ndf3 a5 20. a3 axb4 21. axb4 Rxe1+ 22. Rxe1 Kf7 23. Nf1 Bh6 24. Ne3 Qc7 25. Nh2 Bxe3 26. Rxe3 Ra1+ 27. Nf1 Qa7 28. Qe2 Be6 29. Kh2 Rc1 30. f4 Qa1 31. f5 Bxf5 32. Re7+ Kg8 33. Re8 Bd7 34. Rd8 Re1 35. Qf3 Kg7 36. Qf4 Qc1 0-1

[Event "San Andres Islas Caribe-ch"]
[Site "San Andres Islas"]
[Date "2015.05.07"]
[Round "5"]
[White "Sandoval, Jesus Eduardo"]
[Black "Valdeblanquez, Jeiner Jair"]
[Result "1-0"]
[WhiteElo "1685"]
[BlackElo "2014"]
[PlyCount "51"]
[EventDate "2015.05.05"]
[EventType "swiss"]
[EventRounds "6"]
[EventCountry "COL"]
[SourceTitle "CBM 166 Extra"]
[Source "ChessBase"]
[SourceDate "2015.06.18"]
[SourceVersion "1"]
[SourceVersionDate "2015.06.18"]
[SourceQuality "1"]

1. e4 g6 2. g3 Bg7 3. Bg2 d6 4. d4 Nf6 5. Ne2 c6 6. 0-0 0-0 7. Be3 Nbd7 8. h3 e5 9. c3 Qe7 10. Nd2 Re8 11. Re1 b5 12. a4 a6 13. axb5 cxb5 14. d5 Bb7 15. c4 b4 16. Nb3 Rec8 17. Qd3 Bf8 18. Ra5 Nc5 19. Nxc5 dxc5 20. Nc1 Qc7 21. Nb3 Nd7 22. h4 Bd6 23. Bh3 Kf8 24. Bxd7 Qxd7 25. Nxc5 Bxc5 26. Bxc5+ 1-0